La cultura del giurista medievale. Natura, causa, ratio.
Guardat en:
| Autor principal: | |
|---|---|
| Format: | Llibre |
| Publicat: |
Milano, Italia:
FrancoAngeli,
1998.
|
| Col·lecció: | Storia della Società, dell'Economia e delle Istituzioni,
|
| Matèries: | |
| Etiquetes: |
Afegir etiqueta
Sense etiquetes, Sigues el primer a etiquetar aquest registre!
|
MARC
| LEADER | 00000nam a22000007a 4500 | ||
|---|---|---|---|
| 003 | CL-VaPUC | ||
| 005 | 20220822114815.0 | ||
| 008 | 220804t1998 ||||| |||| 00| 0 eng d | ||
| 999 | |c 437972 |d 437970 | ||
| 020 | |a 9788846412225 | ||
| 040 | |c Pontificia Universidad Católica de Valparaíso | ||
| 082 | 7 | |a 340.55 FAN 1998 |2 22 | |
| 100 | |a Fantini, Maria Grazia |9 590588 |e autore | ||
| 245 | 1 | 3 | |a La cultura del giurista medievale. |b Natura, causa, ratio. |
| 260 | |a Milano, Italia: |b FrancoAngeli, |c 1998. | ||
| 300 | |a 209 páginas. | ||
| 490 | |a Storia della Società, dell'Economia e delle Istituzioni, |n 157.2. | ||
| 500 | |a c.1 Donación Familia Prof. Alejandro Guzmán Brito. | ||
| 583 | |c 20220804 |k Catalogador Asistente | ||
| 650 | |a Derecho común |9 376758 | ||
| 650 | |a Juristas |y Edad Media |9 874881 | ||
| 942 | |2 ddc |c BK |n 0 | ||
| 952 | |0 0 |1 0 |2 ddc |4 0 |6 340_550000000000000_FAN_1998 |7 0 |8 C_AGB |9 585831 |a BIBDER |b BIBDER |d 2022-08-04 |e Donación |i 5653830 |o 340.55 FAN 1998 |p 5653830 |r 2023-01-25 |t 1 |w 2022-08-04 |y BK_US |k AGB | ||